000 00298nam a2200121Ia 4500
008 190216s9999||||xx |||||||||||||| ||und||
100 _aHarold Koontz & Cyril D`Donnell
245 0 _aManagement
260 _bAllied Publishers Limited
_c1972
300 _a824p
650 _aCommerce
942 _cBK
999 _c4078
_d4078